Obras poéticas de Mariano Roca de Togores, Marqués de Molins. (Record no. 159914)

MARC details
000 -LEADER
campo de control de longitud fija 00736nam a2200193 i 4500
001 - NÚMERO DE CONTROL
campo de control 159914
003 - IDENTIFICADOR DE NÚMERO DE CONTROL
campo de control ES-MaACL
005 - FECHA Y HORA DE LA ÚLTIMA TRANSACCIÓN
campo de control 20231228063238.0
008 - DATOS DE LONGITUD FIJA--INFORMACIÓN GENERAL
campo de control de longitud fija 940202s1857 sp a |||| | spa d
040 ## - FUENTE DE CATALOGACIÓN
Centro catalogador/agencia de origen AR
Lengua de catalogación spa
100 1# - ENTRADA PRINCIPAL--NOMBRE DE PERSONA
Nombre de persona Molíns, Mariano Roca de Togores,
Títulos y otros términos asociados al nombre Marqués de,
Fechas asociadas al nombre 1812-1889
9 (RLIN) 130033
245 10 - MENCIÓN DEL TÍTULO
Título Obras poéticas de Mariano Roca de Togores, Marqués de Molins.
250 ## - MENCION DE EDICION
Mención de edición 2ª ed.
260 ## - PUBLICACIÓN, DISTRIBUCIÓN, ETC.
Lugar de publicación, distribución, etc. Madrid :
Nombre del editor, distribuidor, etc. [s.n.],
Fecha de publicación, distribución, etc. 1857 (
Fabricante imp. de Tejado, a cargo de Francisco de Robles)
300 ## - DESCRIPCIÓN FÍSICA
Extensión XXXIV, 608 p., [1] h. de lám. ;
Dimensiones 23 cm.
599 #1 - NOTA A LAS ILUSTRACIONES
NOTA A LAS ILUSTRACIONES La h. de lam.: "F. Madrazo pinx., P. Hortigosa, del et Sc. Calcografia de la Impta. Nl."
852 ## - LOCALIZACIÓN
Ubicación ES-MaACL
Número de control de estantería G-8889
Nota libre -- Enc. hol.
Holdings
Estatus retirado Estado de pérdida Estado de daño No para préstamo Colección Biblioteca de origen Biblioteca actual Ubicación en estantería Fecha de adquisición Fuente de adquisición Total de préstamos Signatura topográfica completa Código de barras Visto por última vez Precio de reemplazo Tipo de ítem Koha
        Libros del s. XIX Biblioteca del Ateneo de Madrid Biblioteca del Ateneo de Madrid Sala Pecera Planta 3 17/01/2008     G-8889 1167408 23/02/2023 23/02/2023 Libro impreso antiguo